<?xml version="1.0" encoding="utf-8"?>
<?xml-stylesheet type='text/xsl' href='./oai2.xsl'?>
<OAI-PMH xmlns="http://www.openarchives.org/OAI/2.0/" xmlns:xsi="http://www.w3.org/2001/XMLSchema-instance" xsi:schemaLocation="http://www.openarchives.org/OAI/2.0/ http://www.openarchives.org/OAI/2.0/OAI-PMH.xsd">
  <responseDate>2026-06-05T00:38:24Z</responseDate>
  <request verb="GetRecord" metadataPrefix="marcxml" identifier="record_kuniweb_29375">https://kulturerbe.niedersachsen.de/oai</request>
  <GetRecord>
    <record>
      <header>
        <identifier>record_kuniweb_29375</identifier>
        <datestamp>2020-09-09T06:21:57Z</datestamp>
        <setSpec>slg0109</setSpec>
      </header>
      <metadata>
        <marc:record xmlns:marc="http://www.loc.gov/MARC21/slim" xsi:schemaLocation="http://www.loc.gov/MARC21/slim http://www.loc.gov/standards/marcxml/schema/MARC21slim.xsd">
          <marc:leader>12345nrm  22     uu 4500</marc:leader>
          <marc:controlfield tag="001">29375</marc:controlfield>
          <marc:controlfield tag="003">http://kuniweb.gbv.de</marc:controlfield>
          <marc:controlfield tag="005">2019-05-15T11:20:50</marc:controlfield>
          <marc:controlfield tag="008">|           ||||||||||||||||||||||</marc:controlfield>
          <marc:datafield tag="245" ind1="1" ind2="0">
            <marc:subfield code="a">Schoßjacke</marc:subfield>
          </marc:datafield>
          <marc:datafield tag="655" ind1=" " ind2="7">
            <marc:subfield code="a">Alltagskultur</marc:subfield>
          </marc:datafield>
          <marc:datafield tag="046" ind1=" " ind2=" ">
            <marc:subfield code="k">1926</marc:subfield>
            <marc:subfield code="k">1926</marc:subfield>
          </marc:datafield>
          <marc:datafield tag="260" ind1=" " ind2=" ">
            <marc:subfield code="g">1926</marc:subfield>
            <marc:subfield code="g">1926</marc:subfield>
          </marc:datafield>
          <marc:datafield tag="300" ind1=" " ind2=" ">
            <marc:subfield code="a">Breite: 80 cm (Taille)
Länge: 60 cm</marc:subfield>
          </marc:datafield>
          <marc:datafield tag="520" ind1=" " ind2=" ">
            <marc:subfield code="a">Schoßjacke aus schwarzem Leinen mit hellgrauer Seide gefüttert. Die Jacke hat lange Ärmel, sie ist tailliert und mit zwei Knöpfen zu schließen. Sie hat einen langgezogenen Schalkragen und Manchetten an den Ärmeln. (Heimatmuseum Obernfeld)

Verwendungszweck:
Oberkleider für Frauen</marc:subfield>
          </marc:datafield>
          <marc:datafield tag="650" ind1="1" ind2=" ">
            <marc:subfield code="a">Kleidung &gt; Jacke &gt; Schoßjacke</marc:subfield>
          </marc:datafield>
          <marc:datafield tag="650" ind1="1" ind2=" ">
            <marc:subfield code="a">Oberkleidung (Frauenkleidung)</marc:subfield>
          </marc:datafield>
          <marc:datafield tag="773" ind1="0" ind2=" ">
            <marc:subfield code="t">Historische Kleidung und Trachten</marc:subfield>
          </marc:datafield>
          <marc:datafield tag="852" ind1=" " ind2=" ">
            <marc:subfield code="a">Heimatmuseum Obernfeld</marc:subfield>
          </marc:datafield>
          <marc:datafield tag="" ind1=" " ind2=" ">
            <marc:subfield code="a">Namensnennung - Weitergabe unter gleichen Bedingungen 4.0 International (CC BY-SA 4.0)</marc:subfield>
          </marc:datafield>
        </marc:record>
      </metadata>
    </record>
  </GetRecord>
</OAI-PMH>
